1692 1092 1741 1764 1268 1839 1935 1870 1538 1470 1923 1110 1643 1383 1869 1358 1065 1653 1604 1311 1104 1257 1360 1730 1539 1389 1460 1642 1355 1169 1047 1784 1978 1919 1854 1453 1380 1996 1838 1638 1926 1838 1526 1488 1503 1104 1183 1663 1324 1742 1812 1134 1906 1932 1857 1119 1596 1166 1437 1002 1311 1491 1995 1656 1736 1496 1593 1740 1762 1242 1241 1399 1319 1960 1220 1696 1069 1025 1340 1383 1079 1625 1510 1171 1036 1890 1775 1115 1855 1850 1037 1605 1733 1171 1312 1149 1434 1063 1139 BCNSPRNW ULIB Ver.6.0+V

เปลี่ยนเป็นภาษาไทย

Change to English
 แสดงรายละเอียดบรรณานุกรม
  กลับหน้าหลัก

Brief Record : Get Marc (ISO 2709) : E-mail record : QR code < ปิดหน้าต่าง
LEADER : 00000nam 2200000uu 4500
001    13399121751
003     ULIB
008    121204s2547||||th 000 0 tha d
060 04 ^aWC503^bว643ค
245 00 ^aรายงานการสังเคราะห์องค์ความรู้จากการประชุมนานาชาติเรื่องโรคเอดส์ครั้งที่ 15 :^bด้านนโยบายและการดำเนินงาน /^cวิพุธ พูลเจริญ ... [และคณะ] ; จัดทำโดย สำนักโรคเอดส์ วัณโรค และโรคติดต่อทางเพศสัมพันธ์ กรมควบคุมโรค กระทรวงสาธารณสุข
246 30 ^aการสังเคราะห์องค์ความรู้จากการประชุมนานาชาชาติเรื่องโรคเอดส์ครั้งที่ 15 :^bด้านนโยบายและการดำเนินงาน
250    ^aพิมพ์ครั้งที่ 1
260    ^aนนทบุรี :^bสำนัก,^c2547
300    ^aก-ฉ, 63 หน้า ;^c30 ซม.
650  7 ^aกลุ่มอาการภูมิคุ้มกันเสื่อม
650  7 ^aโรคเอดส์
700 0  ^aวิพุธ พูลเจริญ
710 2  ^aกรมควบคุมโรค. ^bสำนักโรคเอดส์ วัณโรคและโรคติดต่อทางเพศสัมพันธ์
711 2  ^aการประชุมนานาชาติเรื่องโรคเอดส์^n(ครั้งที่ 15 :^d2547 :^cนนทบุรี)
945    ^p0^l0^i24336
995    ^aทศพร
999    ^aทศพร
รายการนี้ยังไม่มีแท็ก
คุณยังไม่ได้ล็อกอิน คุณสามารถมีกิจกรรมร่วมกับเว็บไซต์ได้ แต่ต้องล็อกอินก่อน ::
  ล็อกอิน

รายการสื่อสารสนเทศ

ลำดับที่ ประเภท เลขเรียก/บาร์โค้ด สถานที่ สถานะ
1. วิทยาศาสตร์การแพทย์ และสุขภาพ
วิทยาศาสตร์การแพทย์ และสุขภาพ
WC503 ว643ค ฉ.1 
  Barcode: 24336
ห้องสมุดวิทยาเขตสวรรค์ประชารักษ์
►หนังสือทั่วไป
บนชั้น

รายการใกล้เคียง
    หัวเรื่อง [กลุ่มอาการภูมิคุ้มกันเสื่อม]
    หัวเรื่อง [โรคเอดส์]

BibComment


ยังไม่เคยถูกคอมเมนท์

คอมเมนท์ทรัพยากรรายการนี้
  คอมเมนท์: รายงานการสังเครา..


 Copyright 2026. Bcnsprnw @Library